| 000 -NÁVESTIE |
| fixed length control field |
01142nam a2200337 a 4500 |
| 001 - EVIDENČNÉ ČÍSLO ZÁZNAMU - Kontrolné číslo |
| control field |
000637960 |
| 005 - DÁTUM A ČAS POSLEDNEJ TRANSAKCIE |
| control field |
20220823091256.0 |
| 007 - POLE PEVNEJ DĹŽKY PRE FYZICKÝ POPIS – VŠEOBECNE |
| fixed length control field |
ta |
| 008 - ÚDAJE S PEVNOU DĹŽKOU – VŠEOBECNÉ INFORMÁCIE |
| fixed length control field |
021125s2002 xr e cze d |
| 020 ## - MEDZINÁRODNÉ ŠTANDARDNÉ ČÍSLO KNIHY (ISBN) |
| Zrušené/neplatné ISBN |
80-242-0724-7 |
| Qualifying information |
(ch.) |
| 020 ## - MEDZINÁRODNÉ ŠTANDARDNÉ ČÍSLO KNIHY (ISBN) |
| Medzinárodné štandardné číslo knihy (ISBN) |
8072144731 |
| 035 ## - Iný štandardný identifikátor |
| Iný štandardný identifikátor |
(OCoLC)85032587 |
| 040 ## - ZDROJ KATALOGIZÁCIE |
| Pôvodná katalogizujúca agentúra |
BOA001 |
| Jazyk katalogizácie |
cze |
| Prepisujúca agentúra |
sk |
| 041 1# - KÓD JAZYKA |
| Kód jazyka textu/zvukovej stopy alebo samostatných nápisov |
cze |
| Kód jazyka originálu a/alebo sprostredkujúcich prekladov textu |
eng |
| 072 #7 - KÓD PREDMETOVEJ KATEGÓRIE |
| Kód predmetovej kategórie |
355/359 |
| Pododdiel kódu predmetovej kategórie |
Vojenství. Obrana země. Ozbrojené síly |
| Zdroj |
Konspekt |
| 080 ## - ČÍSLO MEDZINÁRODNÉHO DESATINNÉHO TRIEDENIA (MDT) |
| Číslo Medzinárodného desatinného triedenia (MDT) |
355.425.4 |
| Identifikátor vydania |
MRF |
| 080 ## - ČÍSLO MEDZINÁRODNÉHO DESATINNÉHO TRIEDENIA (MDT) |
| Číslo Medzinárodného desatinného triedenia (MDT) |
94(100)"1939/1945" |
| Identifikátor vydania |
MRF |
| 080 ## - ČÍSLO MEDZINÁRODNÉHO DESATINNÉHO TRIEDENIA (MDT) |
| Číslo Medzinárodného desatinného triedenia (MDT) |
(430) |
| Identifikátor vydania |
MRF |
| 080 ## - ČÍSLO MEDZINÁRODNÉHO DESATINNÉHO TRIEDENIA (MDT) |
| Číslo Medzinárodného desatinného triedenia (MDT) |
(0:82-96) |
| Identifikátor vydania |
MRF |
| 100 1# - OSOBNÉ MENÁ – VŠEOBECNÉ INFORMÁCIE |
| Osobné meno |
Whiting, Charles, |
| Dátumy súvisiace s menom |
1926-2007 |
| Kód roly |
aut |
| -- |
3273 |
| 245 10 - NÁZOV |
| Názov |
Werwolf : |
| Zvyšok názvu |
příběh z historie nacistického hnutí odporu 1944-1945 / |
| Údaj o zodpovednosti atď. |
Charles Whiting |
| 250 ## - ÚDAJ O PORADÍ VYDANIA |
| Údaj o poradí vydania |
Vyd. 1. |
| 260 ## - VYDAVATEĽSKÉ ÚDAJE, DISTRIBÚCIA ATĎ. |
| Miesto publikovania, distribúcie atď. |
Praha : |
| Názov vydavateľa, distibútora atď. |
Baronet, |
| Dátum publikovania, distribúcie atď. |
2002 |
| 300 ## - FYZICKÝ POPIS |
| Rozsah |
194 s. : |
| Ďalšie fyzické detaily |
il. ; |
| Rozmery |
22 cm |
| 500 ## - VŠEOBECNÁ POZNÁMKA |
| Formátovaná poznámka o obsahu |
Vydáno ve spolupráci s Knižním klubem - Euromedia Group |
| 610 27 - PRIDANÝ VSTUP – PREDMET – KORPORATÍVNE MENO |
| Korporatívne meno alebo meno jurisdikcie ako vstupný prvok |
Unternehmen Werwolf |
| Zdroj hesla alebo termínu |
czenas |
| -- |
3274 |
| 650 07 - PRIDANÝ VSTUP – PREDMET – TEMATICKÉ HESLO |
| Tematické heslo alebo geografický názov ako vstupný prvok |
partyzánské hnutí |
| Geografický pododdiel |
Německo |
| Chronologický pododdiel |
1939-1945 |
| Zdroj hesla alebo termínu |
czenas |
| -- |
3275 |
| 650 07 - PRIDANÝ VSTUP – PREDMET – TEMATICKÉ HESLO |
| Tematické heslo alebo geografický názov ako vstupný prvok |
druhá světová válka, 1939-1945 |
| Geografický pododdiel |
Německo |
| Zdroj hesla alebo termínu |
czenas |
| -- |
3276 |
| 655 #7 - INDEXAČNÝ TERMÍN – ŽÁNER/FORMA |
| Údaje o žánri/forme alebo termín, ktorý je prvok fazety |
literatura faktu |
| Zdroj termínu |
czenas |
| -- |
1757 |
| 765 0# - VÄZBA NA PÔVODNÝ JAZYK |
| Názov |
Werwolf |